The Anatomy of satire : an exhibition of satirical writing /

保存先:
書誌詳細
その他の著者: Vulliamy, C. E. (Colwyn Edward), 1886-
フォーマット: 図書
言語:English
出版事項: London : Michael Joseph, 1950.
主題:
LEADER 00837nam a2200217 a 4500
001 c000371311
003 CARM
005 00000000000000.0
008 840625s1950 enk 00000 eng d
019 1 |a 22607002  |z 3233007  |z 27409534  |5 LACONCORD2021 
035 |a (OCoLC)2395020  |5 LACONCORD2021 
040 |a SIT  |c SIT 
245 0 4 |a The Anatomy of satire :  |b an exhibition of satirical writing /  |c compiled and edited by C.E. Vulliamy. 
260 |a London :  |b Michael Joseph,  |c 1950. 
300 |a 351 p. 
500 |a Includes index. 
650 0 |a Satire. 
700 1 |a Vulliamy, C. E.  |q (Colwyn Edward),  |d 1886- 
852 8 |b CARM  |h A1:AM34B0  |i B09803  |p 0442648  |f BK 
999 f f |i cf69540c-a773-52b4-a5b1-5934cf23314c  |s a43100e7-977b-52d4-9485-f0a023dd9fd6 
952 f f |p Can circulate  |a CAVAL  |b CAVAL  |c CAVAL  |d CARM 1 Store  |e B09803  |f A1:AM34B0  |h Other scheme  |i book  |m 0442648